00234nam a2200109Ia 4500100001900000654001500019245002500034260003100059082001400090300000800104546001200112 aJanaki/ Ram D  aManagement aManagement of data bNarosa bookaAcklandc1998 a5.74bRAM a314 aENGLISH